000 00769nam a2200217 a 4500
005 20231005063649.0
008 991125c1994 mx 000 0 spa u
020 _a9682975549
035 _aUPN01000059040
049 _aCG
050 4 _aLB1578.369 T6.52
_bH4.9
100 1 _aHernández García, Epifanio
245 1 0 _aXatachiwin tutunaku :
_blengua totonaca de Veracruz : segundo ciclo /
_cEpifanio Hernández García.
260 _aMéxico :
_bSEP, Comisión Nacional de los Libros de Texto Gratuitos,
_cc1994.
300 _a2 v. :
_bil. col.
500 _aLa biblioteca tiene el v.1
650 4 _aCartilla totonaca
_98375
650 4 _aIndígenas de México
_zVeracruz
_xLenguas
_921179
650 4 _aTOTONACA -
_xESTUDIO Y ENSEÑANZA (ELEMENTAL)
905 _aLibro
999 _c59040
_d59040